Planes by Nickname - Statistics

General Stats
  • This quiz has been taken 1,884 times
  • The average score is 7 of 11
Answer Stats
Nickname Airplane % Correct
The Queen of the Skies Boeing 747
98%
Baby Boeing Boeing 737
87%
Flying Pencil Airbus A340/ Boeing 757
85%
The Super Jumbo Airbus A380
84%
The Baby Bus Airbus A318
83%
Butter Machine Airbus A330
78%
Death Chamber McDonnel Douglas DC-10
60%
The Death Machine McDonnel Douglas MD-11
50%
Trash Panda Airbus A350
46%
Time Machine Concorde
44%
Mad Dog McDonnel Douglas MD-80
27%
No matching quizzes found
Score Distribution
Percent of People with Each Score
Percentile by Number Answered
Your Score History
You have not taken this quiz